000 12450cam a22021374i 4500
003 PE-LiUPU
005 20250813170007.0
008 150511s2011 ck a rb 000 0 spa d
020 _a9588692067
020 _a9789588692067
035 _a(Sirsi) i9789588692067
040 _aPE-LiUPU
_bspa
_cPE-LiUPU
_dPE-LiUPU
_erda
049 _aPRUA
082 0 4 _a628.16
_bS52
_221
100 1 _aSierra Ramírez, Carlos Alberto,
_eautor.
245 1 0 _aCalidad del agua :
_bevaluación y diagnóstico /
_cCarlos Alberto Sierra Ramírez.
250 _aPrimera edición.
264 1 _aMedellín :
_bUniversidad de Medellín,
_c2011.
300 _a457 páginas :
_bilustraciones ;
_c24 centímetros
336 _atext
_2rdacontent
337 _aunmediated
_2rdamedia
338 _avolume
_2rdacarrier
504 _aBibliografía al final de cada capítulo.
505 0 _aConceptos generales -- Clasificación de los cuerpos de agua -- Importancia del recurso agua -- El agua y el mundo -- Los recursos hídricos en Colombia -- Naturaleza del problema -- Definición de términos y conceptos básicos en el análisis de la calidad del agua -- Características físicas, químicas y biológicas del agua -- Definición de calidad del agua -- Agua cruda o en estado natural (sin tratamiento) -- aguas residuales -- Agua tratada (agua potable) -- Propiedades del agua -- Parámetros físicos, químicos y biológicos -- Resumen sobre las características físicas, químicas y biológicas del agua -- Introducción a la toxicología acuática -- Generalidades sobre toxicología acuática -- Clasificación de los tóxicos -- Los bioensayos -- Toxicidad aguda y crónica -- Evaluación de los resultados de Toxicidad -- Usos y criterios de calidad del agua -- Relación entre parámetros de calidad del agua y sus usos benéficos -- Criterios de calidad de agua -- Contaminantes de interés sanitario -- Resumen sobre usos benéficos del agua -- Establecimiento de usos y objetivos de calidad del agua en un recurso hídrico -- Índices de calidad del agua -- Definición de índice de calidad del agua -- Empleo de índices de calidad del agua -- El concepto de función de calidad del agua -- Construcción de índices de calidad del agua -- Índices de calidad con base en las características fisicoquímicas del agua -- Índices biológicos de calidad del agua (IBA) -- Manejo y análisis de datos de calidad del agua -- Manejo, almacenamiento y acceso a datos de calidad -- Estadísticas básicas -- Distribuciones -- Pruebas y contraste de hipótesis (la prueba t de student) -- Correlación y análisis de regresión -- Presentación de datos -- Errores -- Monitoreo de calidad del agua -- Aspectos generales sobre el muestreo -- Tipos de muestras -- Clases de muestreo -- Frecuencia de muestreo -- Identificación de las muestras -- Manejo de las muestras -- Preservación de las muestras -- Equipo de muestreo -- Ubicación de las estaciones de muestreo -- Medición de caudales -- Diseño de programas de muestreo de calidad del agua -- Comportamiento de las sustancias contaminantes en el medio acuático -- Reacciones -- Balance de masa -- Clasificación de los reactores -- Movimiento de contaminantes en el medio acuático -- Ecuación general de balance de masa -- Balance de oxígeno -- Balance final de oxígeno -- Constantes y coeficientes de reacción -- Constante de desoxigenación carbonácea -- Constante de Nitrificación -- Constante de reaireación -- Fotosíntesis - respiración (F - R) -- Dispersión - Difusión -- Demanda Béntica de oxígeno -- Aplicación de las ecuaciones básicas de transporte de contaminantes a corrientes de agua (ríos, canales, etc.) -- Simulación de oxígeno disuelto y DBO -- Déficit crítico y tiempo crítico -- Carga orgánica permisible -- Condiciones anaeróbicas -- Longitud de mezcla -- Estratificación térmica - Los conceptos de estratificación y lago cálido tropical -- Importancia de la estratificación térmica -- Estratificación en los cuerpos de agua -- Mecanismos de mezcla y transporte en los cuerpos de agua lénticos -- Métodos para evaluar la estratificación en reservorios -- Comentarios finales sobre la estratificación térmica -- Eutroficación -- Generalidades sobre eutroficación -- El concepto de nutriente disponible -- El concepto del nutriente limitante -- Fuentes o aportes de nutrientes -- Determinación del estado trófico -- Procedimientos para la aplicación del método del CEPIS -- Aplicabilidad y restricciones del método del CEPIS -- Control de la eutroficación --Introducción a la modelación de la calidad del agua en corrientes de agua -- Conceptos básicos -- El problema: ¿Qué se puede hacer con un modelo de calidad del agua? -- Proceso de modelación de la calidad del agua -- Selección del modelo -- Calibración y verificación del modelo -- Analizando la precisión del modelo -- Notas y observaciones importantes sobre el proceso de modelación -- Modelo QUAL2K -- Aplicación del modelo.
526 _aP203
526 _aP200
526 _aSEG65
526 _aSEG64
526 _aSEG63
526 _aSEG62
526 _aSEG61
526 _aSEG60
526 _aSEG59
526 _aSEG58
526 _aSEG57
526 _aSEG56
526 _aSEG55
526 _aSEG54
526 _aSEG53
526 _aSEG52
526 _aSEG51
526 _aSEG50
526 _aSEG49
526 _aSEG48
526 _aSEG47
526 _aSEG46
526 _aSEG24
526 _aSEG23
526 _aSEG22
526 _aSEG21
526 _aSEG20
526 _aSEG19
526 _aSEG18
526 _aSEG17
526 _aSEG16
526 _aSEG14
526 _aSEG13
526 _aSEG12
526 _aSEG11
526 _aSEG10
526 _aSEG09
526 _aSEG06
526 _aSEG05
526 _aSEG04
526 _aSEG03
526 _aSEG02
526 _aSEG68
526 _aSEG66
526 _aSEG45
526 _aSEG25
526 _aSEG01
526 _aP163
526 _aP162
526 _aP161
526 _aP160
526 _aP159
526 _aP158
526 _aP157
526 _aP156
526 _aP155
526 _aP154
526 _aP153
526 _aP152
526 _aP151
526 _aP150
526 _aP149
526 _aP142
526 _aP141
526 _aP140
526 _aP139
526 _aP138
526 _aP137
526 _aP132
526 _aP131
526 _aP130
526 _aP126
526 _aP125
526 _aP124
526 _aP123
526 _aP115
526 _aP122
526 _aP121
526 _aP116
526 _a P114
526 _aP112
526 _aP111
526 _aP104
526 _aP103
526 _aP102
526 _aP101
526 _aP100
526 _aP96
526 _aP95
526 _aP93
526 _aP92
526 _aP91
526 _aP88
526 _aP83
526 _aP82
526 _aP79
526 _aP78
526 _aP75
526 _aP74
526 _aP71
526 _aP69
526 _a P51
526 _aP49
526 _aP48
526 _aP47
526 _aP33
526 _aP31
526 _a P30
526 _aP29
526 _aP27
526 _aP26
526 _aP25
526 _aP24
526 _a P22
526 _aP10
526 _aP09
526 _a P08
526 _aP06
526 _aP05
526 _aP04
526 _aP01
541 _g003-001466;
541 _g002-00000048;
650 _aAnálisis del agua
_zColombia.
650 4 _aContaminación del agua
_zColombia.
_9165
650 4 _aEutroficación
_xControl
_zColombia.
650 4 _aCalidad del agua potable
_zColombia.
910 _acce
_bjck
_ccce
_d20150511
910 _adbm
_bcsm
_ccsm
_d20180522
942 _2ddc
_cBOOK
949 _a628.1 S52 2011
_wDEWEY
_c1
_iFT02579
_e2017-5-22
_lCCODEBUT1
_mBUT
_n1
_p42.00
_r0
_sY
_tBOOK
_u2016-2-22
_xINGENIERIA
_PP24
_0COMPRA
_o.STAFF. Colección General
949 _a628.16 S52 2011
_wDEWEY
_c1
_iFJ02612
_d2017-10-30
_e2017-10-27
_f2017-12-28
_g1
_lCCODEBUJ1
_mBUJ
_n6
_p43.00
_r0
_sY
_tBOOK
_u2015-7-24
_xINGENIERIA
_PP24
_0COMPRA
_o.STAFF. Colección General Juliaca
949 _a628.16 S52 2011
_wDEWEY
_c2
_iFJ02613
_d2018-3-26
_e2018-3-20
_f2017-12-28
_g1
_lCCODEBUJ1
_mBUJ
_n6
_p43.00
_q1
_r0
_sY
_tBOOK
_u2015-7-24
_xINGENIERIA
_PP24
_0COMPRA
_o.STAFF. Colección General Juliaca
949 _a628.16 S52 2011
_wDEWEY
_c3
_iFJ02614
_d2017-10-19
_e2017-10-16
_f2017-12-28
_g1
_lCCODEBUJ1
_mBUJ
_n3
_p43.00
_q1
_r0
_sY
_tBOOK
_u2016-10-6
_xINGENIERIA
_PP24
_0COMPRA
_o.STAFF. Colección General Juliaca
949 _a628.16 S52
_wDEWEY
_c1
_i70946
_d2015-9-10
_e2015-9-9
_f2018-2-12
_g4
_lCCODEBUL1
_mBUL
_n2
_p37.10
_r0
_sY
_tBOOK
_u2015-5-11
_xINGENIERIA
_PP24
_0COMPRA
_o.STAFF. Colección General
949 _a628.16 S52
_wDEWEY
_c2
_i65520
_d2017-6-25
_e2016-4-25
_f2018-2-12
_g4
_lCCODEBUL1
_mBUL
_n5
_p46.00
_r0
_sY
_tBOOK
_u2015-7-9
_xINGENIERIA
_PP24
_0COMPRA
_o.STAFF. Colección General
949 _a628.16 S52
_wDEWEY
_c3
_i65521
_d2016-5-3
_e2016-4-29
_f2018-2-12
_g4
_lCCODEBUL1
_mBUL
_n2
_p46.00
_r0
_sY
_tBOOK
_u2015-7-9
_xINGENIERIA
_PP24
_0COMPRA
_o.STAFF. Colección General
949 _a628.16 S52
_wDEWEY
_c4
_i68077
_d2016-5-3
_e2016-4-29
_f2018-2-12
_g4
_lCCODEBUL1
_mBUL
_n2
_p72.00
_r0
_sY
_tBOOK
_u2015-7-9
_xINGENIERIA
_PP24
_0COMPRA
_o.STAFF. Colección General
949 _a628.16 S52
_wDEWEY
_c5
_i70075
_d2018-3-19
_e2018-3-16
_f2018-2-12
_g4
_lCCODEBUL1
_mBUL
_n3
_p46.00
_q1
_r0
_sY
_tBOOK
_u2016-4-13
_xINGENIERIA
_PP24
_0COMPRA
_o.STAFF. Colección General
949 _a628.16 S52
_wDEWEY
_c6
_i78703
_f2018-5-28
_g1
_lCCODEBUL1
_mBUL
_p27.53
_r0
_sY
_tBOOK
_u2018-5-22
_xINGENIERIA
_PP24
_0COMPRA
_1FCOMPRA
_o.STAFF. Colección Ingeniería y Arquitectura
949 _a628.16 S52
_wDEWEY
_c7
_i78704
_f2018-5-28
_g1
_lCCODEBUL1
_mBUL
_p27.53
_r0
_sY
_tBOOK
_u2018-5-22
_xINGENIERIA
_PP24
_0COMPRA
_1FCOMPRA
_o.STAFF. Colección Ingeniería y Arquitectura
994 _aC0
_bPEPRU
596 _a1 2 3
999 _a628.16 S52
_wDEWEY
_c61402
_i70946
_d61402
_e2018-6-18
_f2021-11-9
_g7
_lCCODEBUL1
_mBUL
_n4
_p37.10
_q1
_r0
_sY
_tBOOK
_u2015-5-11
_xINGENIERIA
_PP24
_0COMPRA
_o.STAFF. Colección General
999 _a628.16 S52
_wDEWEY
_c2
_i65520
_d2018-10-9
_e2018-10-2
_f2021-11-9
_g7
_lCCODEBUL1
_mBUL
_n10
_p46.00
_r0
_sY
_tBOOK
_u2015-7-9
_xINGENIERIA
_PP24
_0COMPRA
_o.STAFF. Colección General
999 _a628.16 S52
_wDEWEY
_c3
_i65521
_d2016-5-3
_e2016-4-29
_f2021-11-9
_g7
_lCCODEBUL1
_mBUL
_n2
_p46.00
_r0
_sY
_tBOOK
_u2015-7-9
_xINGENIERIA
_PP24
_0COMPRA
_o.STAFF. Colección General
999 _a628.16 S52
_wDEWEY
_c4
_i68077
_d2016-5-3
_e2016-4-29
_f2021-11-9
_g7
_lCCODEBUL1
_mBUL
_n2
_p72.00
_r0
_sY
_tBOOK
_u2015-7-9
_xINGENIERIA
_PP24
_0COMPRA
_o.STAFF. Colección General
999 _a628.16 S52
_wDEWEY
_c5
_i70075
_d2018-6-26
_e2018-3-16
_f2021-11-9
_g7
_lCCODEBUL1
_mBUL
_n3
_p46.00
_q3
_r0
_sY
_tBOOK
_u2016-4-13
_xINGENIERIA
_PP24
_0COMPRA
_o.STAFF. Colección General
999 _a628.16 S52
_wDEWEY
_c6
_i78703
_f2021-11-9
_g4
_lCCODEBUL1
_mBUL
_p27.53
_r0
_sY
_tBOOK
_u2018-5-22
_xINGENIERIA
_PP24
_0COMPRA
_1FCOMPRA
_o.STAFF. Colección Ingeniería y Arquitectura
999 _a628.16 S52
_wDEWEY
_c7
_i78704
_d2019-6-10
_e2019-6-3
_f2021-11-9
_g4
_lCCODEBUL1
_mBUL
_n2
_p27.53
_r0
_sY
_tBOOK
_u2018-5-22
_xINGENIERIA
_PP24
_0COMPRA
_1FCOMPRA
_o.STAFF. Colección Ingeniería y Arquitectura
999 _a628.16 S52 2011
_wDEWEY
_c1
_iFJ02612
_d2018-11-13
_e2018-11-12
_f2022-1-26
_g4
_lCCODEBUJ1
_mBUJ
_n7
_p43.00
_q2
_r0
_sY
_tBOOK
_u2015-7-24
_xINGENIERIA
_PP24
_0COMPRA
_o.STAFF. Colección General Juliaca
999 _a628.16 S52 2011
_wDEWEY
_c2
_iFJ02613
_d2018-6-8
_e2018-3-20
_f2022-1-26
_g4
_lCCODEBUJ1
_mBUJ
_n6
_p43.00
_q3
_r0
_sY
_tBOOK
_u2015-7-24
_xINGENIERIA
_PP24
_0COMPRA
_o.STAFF. Colección General Juliaca
999 _a628.16 S52 2011
_wDEWEY
_c3
_iFJ02614
_d2019-11-4
_e2018-9-13
_f2022-1-26
_g4
_lCCODEBUJ1
_mBUJ
_n4
_p43.00
_q4
_r0
_sY
_tBOOK
_u2016-10-6
_xINGENIERIA
_PP24
_0COMPRA
_o.STAFF. Colección General Juliaca
999 _a628.1 S52 2011
_wDEWEY
_c1
_iFT02579
_e2017-5-22
_f2019-2-20
_g1
_lCCODEBUT1
_mBUT
_n1
_p42.00
_r0
_sY
_tBOOK
_u2016-2-22
_xINGENIERIA
_PP24
_0COMPRA
_o.STAFF. Colección General
980 _81
_gALBERTO SANCHEZ Responsable de Automatización